Finančná matematika

Podrobná bibliografia
Hlavný autor: Potocký, Rastislav (Autor)
Médium: Kniha
Jazyk:slovenčina
Fyzický popis:78 s. tab. 29 cm
Vydavateľské údaje: Bratislava Univerzita Komenského 2000
ISBN:8022314927
Vydanie:2. nezm. vyd.
Predmet:

MARC

LEADER 00000cam a2200000 a 4500
001 vtls001395155
003 SK-MaSNL
005 20260302001036.0
008 240226s2000 xo p frp 000 0 slo
015 |a SNBA2000/12-04408 
020 |a 8022314927 
035 |a SNK000349501 
035 |a urn:nbn:sk:snk-amtkjk 
035 |a urn:nbn:sk:snk-am00c71i 
035 |a 802697A1-9EE0-4964-A68A-074010487620 
040 |a SNK  |b slo  |c SNK  |e AACR2 
041 0 |a slo 
044 |a xo  |c SK 
080 |a 336:51-7(075.8)  |2 1981 
080 |a 51-7(075.8)  |2 1981 
100 1 |a Potocký, Rastislav  |4 aut  |9 282941 
245 1 0 |a Finančná matematika  |c Rastislav Potocký 
250 |a 2. nezm. vyd. 
260 |a Bratislava  |b Univerzita Komenského  |c 2000 
300 |a 78 s.  |b tab.  |c 29 cm 
500 |a 300 výt. 
504 |a Bibliogr. s. 66 
650 0 7 |a finančná matematika  |2 SNKPH  |9 66402 
655 7 |a učebnice vysokých škôl  |2 SNKPH  |9 70191 
919 |a 80-223-1492-7 
958 |a TL 
958 |a UV 
958 |a NB 
958 |a OND 
999 |c 982196  |d 984126 
952 |t P60, <03>, [BOOK], {603}  |a SNK  |b SNK  |y PREZ  |7 0  |p 17A0249802  |o snkSB 62215  |i snkKSP 8917/2000  |0 0  |1 0  |4 0  |d 2000-09-05  |f 1  |l 0  |r 2025-04-11 00:00:00  |w 2026-02-24 
952 |t P60, <04>, [BOOK], {604}  |a SNK  |b SNK  |y VYP  |7 0  |p 17A0249803  |o snkSB 62215 D1  |i snkKSP 8918/2000  |0 0  |1 0  |4 0  |d 2000-09-05  |l 0  |r 2005-01-02 00:00:00  |w 2026-02-24